Benka Gyula felhasznált írásainak jegyzéke

Elmentve itt :
Bibliográfiai részletek
Szerző: Benka Gyula
Testületi szerző: A szarvasi nevelőképzés 100 éves fennállásának és a Kemény Gábor halála 15 éves évfordulója alkalmából ... tartott ünnepség, 1963, Szarvas
Dokumentumtípus: Cikk
Megjelent: 1964
Sorozat:Magyar pedagógia : a Magyar Tudományos Akadémia Pedagógiai Bizottságának folyóirata 64 No. 1
Kulcsszavak:Pedagógiai szakirodalom 1861/62-1920
Online Access:http://misc.bibl.u-szeged.hu/11970
LEADER 00848nab a2200193 i 4500
001 misc11970
005 20191106141637.0
008 170607s1964 hu o 0|| hun d
022 |a 0025-0260 
040 |a SZTE Miscellanea Repozitórium  |b hun 
041 |a hun 
100 1 |a Benka Gyula 
245 1 0 |a Benka Gyula felhasznált írásainak jegyzéke  |h [elektronikus dokumentum] /  |c  Benka Gyula 
260 |c 1964 
300 |a 97-98 
490 0 |a Magyar pedagógia : a Magyar Tudományos Akadémia Pedagógiai Bizottságának folyóirata  |v 64 No. 1 
695 |a Pedagógiai szakirodalom 1861/62-1920 
710 |a A szarvasi nevelőképzés 100 éves fennállásának és a Kemény Gábor halála 15 éves évfordulója alkalmából ... tartott ünnepség, 1963, Szarvas 
856 4 0 |u http://misc.bibl.u-szeged.hu/11970/1/mp_1964_001_097-098.pdf  |z Dokumentum-elérés